Causality in economics
में बचाया:
| मुख्य लेखक: | |
|---|---|
| स्वरूप: | पुस्तक |
| भाषा: | Undetermined |
| प्रकाशित: |
New York
Basic Books
1979
|
| विषय: | |
| टैग : |
टैग जोड़ें
कोई टैग नहीं, इस रिकॉर्ड को टैग करने वाले पहले व्यक्ति बनें!
|
| Thư viện lưu trữ: | Trung tâm Học liệu Trường Đại học Cần Thơ |
|---|
| LEADER | 00462nam a2200181Ia 4500 | ||
|---|---|---|---|
| 001 | CTU_80625 | ||
| 008 | 210402s9999 xx 000 0 und d | ||
| 082 | |a 330.01 | ||
| 082 | |b H627 | ||
| 100 | |a Hicks, John | ||
| 245 | 0 | |a Causality in economics | |
| 245 | 0 | |c John Hicks | |
| 260 | |a New York | ||
| 260 | |b Basic Books | ||
| 260 | |c 1979 | ||
| 650 | |a Causation,Economics | ||
| 904 | |i Trọng Hải | ||
| 980 | |a Trung tâm Học liệu Trường Đại học Cần Thơ | ||